[Event "Offene Bochumer StEM 2013"]
[Site "?"]
[Date "2013.06.06"]
[Round "5.9"]
[White "Kempken, Reinhold"]
[Black "Sikorski, Thomas"]
[Result "1/2-1/2"]
[WhiteElo "1550"]
[BlackElo "1629"]
[PlyCount "40"]
[EventDate "2013.??.??"]
[WhiteTeam "vereinslos"]
[BlackTeam "SK Herne-Sodingen"]

1. e4 e5 2. d4 exd4 3. c3 dxc3 4. Bc4 c2 5. Qxc2 Bb4+ 6. Bd2 Qe7 7. Nf3 Nf6 8.
O-O Bxd2 9. Nbxd2 d6 10. e5 dxe5 11. Nxe5 O-O 12. Rfe1 Be6 13. Nxf7 Rxf7 14.
Bxe6 Nc6 15. Nf3 Kh8 16. Bxf7 Qxf7 17. a3 Rf8 18. Rad1 h6 19. Re3 Qh5 20. h3
Nd5 1/2-1/2

[Event "Offene Bochumer StEM 2013"]
[Site "?"]
[Date "2013.06.06"]
[Round "5.10"]
[White "Hofer, Stefan"]
[Black "Tuscher, Albin"]
[Result "1/2-1/2"]
[WhiteElo "1677"]
[BlackElo "1634"]
[PlyCount "84"]
[EventDate "2013.??.??"]
[WhiteTeam "SC Ruhr-Uni Bochum"]
[BlackTeam "SC Gerthe-Werne"]

1. d4 Nf6 2. c4 e5 3. dxe5 Ng4 4. Nf3 Nc6 5. Bf4 Bb4+ 6. Nbd2 Qe7 7. e3 Ngxe5
8. Nxe5 Nxe5 9. a3 Bxd2+ 10. Qxd2 O-O 11. Be2 d6 12. O-O b6 13. Rac1 Bb7 14.
Rfe1 Rfd8 15. Qc3 Ng6 16. Bg3 Re8 17. e4 Qg5 18. f3 Nf4 19. Bf1 h5 20. Qe3 Ne6
21. Qxg5 Nxg5 22. Rcd1 Re7 23. h4 Ne6 24. e5 dxe5 25. Rxe5 g6 26. c5 Rae8 27.
cxb6 axb6 28. Re3 Kf8 29. b4 Rc8 30. Be5 Nd8 31. Bg7+ Ke8 32. Red3 Bc6 33. Bb2
Rd7 34. Re3+ Ne6 35. Rc1 Ba4 36. Bc4 Ke7 37. Rce1 Rd6 38. Bc3 Rd1 39. Rxd1 Bxd1
40. Ba2 Ba4 41. f4 Bc2 42. Kf2 Bf5 1/2-1/2

[Event "Offene Bochumer StEM 2013"]
[Site "?"]
[Date "2013.06.06"]
[Round "5.11"]
[White "Ebert, Ingo"]
[Black "Schüler, Bernd"]
[Result "1/2-1/2"]
[WhiteElo "1163"]
[BlackElo "1462"]
[PlyCount "25"]
[EventDate "2013.??.??"]
[WhiteTeam "SG Bochum 31"]
[BlackTeam "SC Gerthe-Werne"]

1. c4 c5 2. e4 e5 3. Nf3 d6 4. h3 Nf6 5. Nc3 Be7 6. Be2 O-O 7. O-O Nc6 8. d3 a6
9. Bg5 h6 10. Bxf6 Bxf6 11. a3 Nd4 12. Nd5 Be6 13. Nxf6+ 1/2-1/2

[Event "Offene Bochumer StEM 2013"]
[Site "?"]
[Date "2013.06.06"]
[Round "5.12"]
[White "Kümmel, Hans-Jürgen"]
[Black "Stein, Daniel"]
[Result "0-1"]
[WhiteElo "1343"]
[BlackElo "1600"]
[PlyCount "44"]
[EventDate "2013.??.??"]
[WhiteTeam "SG Höntrop"]
[BlackTeam "SC Ruhr-Uni Bochum"]

1. d4 e6 2. c4 Nf6 3. Nc3 Bb4 4. Qc2 O-O 5. Nf3 c5 6. e3 b6 7. Be2 Bxc3+ 8.
bxc3 Bb7 9. Ba3 d6 10. O-O Ne4 11. Rfd1 f5 12. Rab1 Nd7 13. dxc5 Ndxc5 14. Bxc5
Nxc5 15. Qd2 Ne4 16. Qc2 Qf6 17. Rb3 Nc5 18. Rb4 Ne4 19. Rb3 Qg6 20. Ne1 Qh6
21. f3 Qxe3+ 22. Kh1 Nf2+ 0-1

[Event "Offene Bochumer StEM 2013"]
[Site "?"]
[Date "2013.06.13"]
[Round "6.1"]
[White "Berens, Thomas"]
[Black "Schriewer, Thomas"]
[Result "1/2-1/2"]
[WhiteElo "1901"]
[BlackElo "1988"]
[PlyCount "30"]
[EventDate "2013.??.??"]
[WhiteTeam "SC Gerthe-Werne"]
[BlackTeam "SK Herne-Sodingen"]

1. d4 d5 2. c4 c6 3. Nf3 Nf6 4. Nc3 e6 5. e3 Nbd7 6. Qc2 Bd6 7. Be2 O-O 8. O-O
b6 9. e4 Nxe4 10. Nxe4 dxe4 11. Qxe4 Qc7 12. Bd3 g6 13. Re1 Re8 14. Bd2 Bb7 15.
Qh4 Be7 1/2-1/2

[Event "Offene Bochumer StEM 2013"]
[Site "?"]
[Date "2013.06.13"]
[Round "6.2"]
[White "Winterkamp, Sascha"]
[Black "Quast, Marcel"]
[Result "0-1"]
[WhiteElo "1942"]
[BlackElo "2122"]
[PlyCount "106"]
[EventDate "2013.??.??"]
[WhiteTeam "SG Höntrop"]
[BlackTeam "SC Gerthe-Werne"]

1. d4 f5 2. Qd3 d6 3. e4 g6 4. Nc3 Nc6 5. f3 Bg7 6. Be3 a6 7. a3 e5 8. d5 Nce7
9. Nh3 h6 10. O-O-O Nf6 11. Nf2 f4 12. Bd2 b5 13. Na2 O-O 14. Ba5 Nd7 15. Qc3
Ra7 16. Nd3 Nb6 17. b3 Nbxd5 18. exd5 e4 19. Qe1 exd3 20. Bxd3 Nxd5 21. Qe4 Ne7
22. Rhe1 Rf7 23. g4 fxg3 24. hxg3 Qf8 25. Qe3 c5 26. Be4 Nf5 27. Qd2 Kh7 28. g4
Nd4 29. Qd3 Rxf3 30. Bxg6+ Kh8 31. Qe4 Bd7 32. g5 Qf4+ 33. Qxf4 Rxf4 34. Re7
Nc6 35. Rxd7 Rxd7 36. Be8 Nxa5 37. Bxd7 hxg5 38. Be6 Bd4 39. c3 Be5 40. Rg1 Bf6
41. Rg2 Nc6 42. Rd2 Be5 43. Rg2 Rf1+ 44. Kc2 Bf4 45. Bc8 Nb8 46. Re2 Kg7 47.
Re7+ Kf6 48. Rb7 Rf2+ 49. Kb1 Nc6 50. Rb6 Na5 51. Bxa6 g4 52. Rb8 g3 53. Rg8 g2
0-1

[Event "Offene Bochumer StEM 2013"]
[Site "?"]
[Date "2013.06.13"]
[Round "6.3"]
[White "Jellinghaus, Lars"]
[Black "Werner, Michael"]
[Result "1-0"]
[WhiteElo "2024"]
[BlackElo "2035"]
[PlyCount "83"]
[EventDate "2013.??.??"]
[WhiteTeam "SV Linden"]
[BlackTeam "Düsseldorfer SK"]

1. d4 Nf6 2. c4 g6 3. Nc3 Bg7 4. e4 d6 5. Be2 O-O 6. Nf3 e5 7. O-O Nc6 8. d5
Ne7 9. Ne1 Ne8 10. Nd3 f5 11. Bd2 Nf6 12. f3 Kh8 13. Rc1 Neg8 14. g4 Ne8 15.
exf5 gxf5 16. g5 f4 17. h4 Ne7 18. Be1 Bh3 19. Rf2 Nf5 20. Rh2 Qd7 21. Nf2 Ne3
22. Qb3 Bf5 23. Qxb7 Rd8 24. Nfe4 Bxe4 25. Nxe4 Nf5 26. Bf2 Nd4 27. Bxd4 exd4
28. h5 Be5 29. h6 Rg8 30. Kh1 Qf5 31. Bf1 d3 32. Bh3 Qg6 33. Rd1 Nf6 34. gxf6
d2 35. Bg4 Bxf6 36. Rdxd2 Rde8 37. Rde2 Bd4 38. Qxc7 Be3 39. Qxd6 Rxe4 40. Qxg6
Rxg6 41. fxe4 Rxg4 42. Reg2 1-0

[Event "Offene Bochumer StEM 2013"]
[Site "?"]
[Date "2013.06.13"]
[Round "6.4"]
[White "Klinke, Werner"]
[Black "Sondermann, Dirk"]
[Result "1/2-1/2"]
[WhiteElo "1859"]
[BlackElo "1829"]
[PlyCount "42"]
[EventDate "2013.??.??"]
[WhiteTeam "SV Eichlinghofen"]
[BlackTeam "SU Annen"]

1. e4 g6 2. Nf3 Bg7 3. d4 d6 4. c3 Nf6 5. Bd3 O-O 6. O-O Bg4 7. Be3 Nfd7 8. h3
Bxf3 9. Qxf3 c5 10. Nd2 Nc6 11. d5 Nce5 12. Qe2 Nxd3 13. Qxd3 Qc7 14. Qe2 b5
15. Rab1 Rab8 16. f4 a6 17. f5 Ne5 18. Bf4 Qa5 19. a3 c4 20. Bxe5 Bxe5 21. Nf3
Qb6+ 1/2-1/2

[Event "Offene Bochumer StEM 2013"]
[Site "?"]
[Date "2013.06.13"]
[Round "6.5"]
[White "Jedner, Volker"]
[Black "Schmidt, Ralph"]
[Result "1-0"]
[WhiteElo "1809"]
[BlackElo "1918"]
[PlyCount "69"]
[EventDate "2013.??.??"]
[WhiteTeam "SG Höntrop"]
[BlackTeam "SV Linden"]

1. d4 d5 2. c4 e6 3. Nc3 Nf6 4. Bg5 Be7 5. Nf3 h6 6. Bh4 dxc4 7. e3 O-O 8. Bxc4
c6 9. O-O Nbd7 10. Rc1 Nd5 11. Bg3 N7f6 12. Re1 Nxc3 13. bxc3 Ne4 14. Be5 f6
15. Qc2 Nxf2 16. Bg3 Ng4 17. h3 h5 18. hxg4 hxg4 19. Nh4 b5 20. Bb3 Ba3 21.
Rcd1 a5 22. Qg6 a4 23. Bc2 f5 24. Be5 Ra7 25. Qh5 Re8 26. Ng6 Bf8 27. Qh8+ Kf7
28. Nxf8 Qg5 29. Bf4 Qe7 30. e4 Qxf8 31. Qh5+ Kg8 32. exf5 g6 33. Qxg4 exf5 34.
Qxg6+ Rg7 35. Qxe8 1-0

[Event "Offene Bochumer StEM 2013"]
[Site "?"]
[Date "2013.06.13"]
[Round "6.6"]
[White "Schumann, Burkhard"]
[Black "Domnik, Roland"]
[Result "1/2-1/2"]
[WhiteElo "1677"]
[BlackElo "1715"]
[PlyCount "72"]
[EventDate "2013.??.??"]
[WhiteTeam "SC Gerthe-Werne"]
[BlackTeam "TuS Witten-Stockum"]

1. e4 c5 2. Nf3 Nc6 3. d4 cxd4 4. Nxd4 e6 5. c4 Nf6 6. Nc3 a6 7. Be2 Be7 8. O-O
O-O 9. Be3 Qc7 10. Rc1 Ne5 11. f4 Ng6 12. Nb3 d6 13. Qe1 Bd7 14. Bf3 Ne8 15. g3
f5 16. exf5 Rxf5 17. Bg4 Rf7 18. Nd4 Nf8 19. Qe2 Nf6 20. Bf3 Ng6 21. Bf2 e5 22.
f5 Nf8 23. Nd5 Qd8 24. Nxf6+ Rxf6 25. Bxb7 Rb8 26. Bd5+ Kh8 27. Nf3 Bxf5 28.
Ba7 Rb4 29. Nh4 Bh3 30. Rxf6 Bxf6 31. Ng2 Qc7 32. Be3 Ng6 33. a3 Rb8 34. c5 Ne7
35. cxd6 Qxd6 36. Be4 Bf5 1/2-1/2

[Event "Offene Bochumer StEM 2013"]
[Site "?"]
[Date "2013.06.13"]
[Round "6.7"]
[White "Stein, Daniel"]
[Black "Boost, Jürgen"]
[Result "0-1"]
[WhiteElo "1600"]
[BlackElo "1824"]
[PlyCount "76"]
[EventDate "2013.??.??"]
[WhiteTeam "SC Ruhr-Uni Bochum"]
[BlackTeam "SC Gerthe-Werne"]

1. d4 d5 2. c4 e6 3. Nc3 Nf6 4. cxd5 exd5 5. Bg5 Be7 6. e3 O-O 7. Bd3 h6 8. Bf4
c5 9. Nf3 Nc6 10. O-O Be6 11. Be2 Rc8 12. dxc5 Bxc5 13. Nb5 Nh5 14. Bg3 Nxg3
15. hxg3 Qb6 16. a4 a6 17. Nbd4 Nxd4 18. Nxd4 Bxd4 19. exd4 Rc7 20. Rb1 Qb4 21.
Bd3 Kh8 22. Bc2 Rfc8 23. Bb3 Bf5 24. Ra1 Bg4 25. Qxg4 Qxb3 26. Qf3 Qxf3 27.
gxf3 Rc4 28. Rfd1 Rb4 29. Ra3 Rcc4 30. Rc3 Rxa4 31. Rcd3 Rc2 32. Rc3 Rxb2 33.
Rc8+ Kh7 34. f4 Raa2 35. f5 Rxf2 36. Re1 Rxf5 37. Ree8 Rg5 38. Rh8+ Kg6 0-1

[Event "Offene Bochumer StEM 2013"]
[Site "?"]
[Date "2013.06.13"]
[Round "6.8"]
[White "Bartel, Mario"]
[Black "Hofer, Stefan"]
[Result "1-0"]
[WhiteElo "2035"]
[BlackElo "1677"]
[PlyCount "61"]
[EventDate "2013.??.??"]
[WhiteTeam "SV Wattenscheid"]
[BlackTeam "SC Ruhr-Uni Bochum"]

1. e4 c5 2. Nf3 d6 3. d4 cxd4 4. Nxd4 Nf6 5. Nc3 a6 6. Be3 e5 7. Nb3 Be6 8. Qd2
Be7 9. f3 O-O 10. O-O-O b5 11. Kb1 Nbd7 12. g4 b4 13. Nd5 Bxd5 14. exd5 a5 15.
g5 Nh5 16. Rg1 a4 17. Nc1 Rb8 18. Rg4 b3 19. cxb3 axb3 20. Nxb3 Nf4 21. h4 f5
22. Rg1 Nh5 23. g6 hxg6 24. Rxg6 Bf6 25. Bh3 Nf4 26. Bxf4 exf4 27. Bxf5 Ne5 28.
Be6+ Kh8 29. Qg2 Nxg6 30. Qg4 Rf7 31. Qxg6 1-0

[Event "Offene Bochumer StEM 2013"]
[Site "?"]
[Date "2013.06.13"]
[Round "6.9"]
[White "Funke, Eckhard"]
[Black "Kempken, Reinhold"]
[Result "0-1"]
[WhiteElo "1890"]
[BlackElo "1550"]
[PlyCount "86"]
[EventDate "2013.??.??"]
[WhiteTeam "SG Höntrop"]
[BlackTeam "vereinslos"]

1. e4 e5 2. Nf3 d5 3. Nxe5 Qe7 4. d4 f6 5. Ng4 dxe4 6. Bc4 c6 7. O-O b5 8. Bb3
h5 9. Ne3 g6 10. d5 Qe5 11. dxc6 Bd6 12. g3 Ne7 13. Nd5 Bg4 14. Qd2 h4 15. Qf4
f5 16. Qxe5 Bxe5 17. c3 Nbxc6 18. Bg5 hxg3 19. fxg3 Rd8 20. Nxe7 Nxe7 21. Na3
a6 22. Bd1 Bh3 23. Re1 Bc7 24. Be3 Nd5 25. Bd4 O-O 26. Bb3 Kh7 27. Nc2 a5 28.
Bxd5 Rxd5 29. Ne3 Rd7 30. Nd1 Bg4 31. Nf2 Bh5 32. Nh3 Bd8 33. Nf4 Re8 34. Nxh5
gxh5 35. Be3 Rd3 36. Kf2 Bf6 37. Red1 Red8 38. Ke2 Rxd1 39. Rxd1 Rxd1 40. Kxd1
h4 41. Ke2 h3 42. Bb6 Be5 43. Be3 Bxg3 0-1

[Event "Offene Bochumer StEM 2013"]
[Site "?"]
[Date "2013.06.13"]
[Round "6.10"]
[White "Schüler, Bernd"]
[Black "Sikorski, Thomas"]
[Result "0-1"]
[WhiteElo "1462"]
[BlackElo "1629"]
[PlyCount "86"]
[EventDate "2013.??.??"]
[WhiteTeam "SC Gerthe-Werne"]
[BlackTeam "SK Herne-Sodingen"]

1. e4 e5 2. Bc4 Bc5 3. Nf3 Nc6 4. O-O Nf6 5. d3 d6 6. a3 Bg4 7. c3 O-O 8. Nbd2
d5 9. exd5 Nxd5 10. Ne4 Bb6 11. Ba2 Qd7 12. c4 Nf6 13. Nxf6+ gxf6 14. h3 Bh5
15. Nxe5 Qf5 16. Nxc6 bxc6 17. g4 Qe5 18. Kh1 Bg6 19. f4 Qd6 20. f5 Kg7 21.
fxg6 hxg6 22. Bf4 Qd4 23. Qf3 Rh8 24. g5 fxg5 25. Bh2 f5 26. Rae1 g4 27. Qf4
Rxh3 28. Qxd4+ Bxd4 29. Kg2 Rb8 30. Re2 Bxb2 31. Rb1 Rbh8 32. Bxc7 Bd4 33. Rb7
Kf6 34. c5 Kg5 35. Bb1 f4 36. Bxf4+ Kxf4 37. Re4+ Kg5 38. Rxd4 Rh2+ 39. Kf1 g3
40. Re4 Rd2 41. Kg1 g2 42. Re5+ Kf6 43. Re1 Rh1# 0-1

[Event "Offene Bochumer StEM 2013"]
[Site "?"]
[Date "2013.06.13"]
[Round "6.11"]
[White "Tuscher, Albin"]
[Black "Ebert, Ingo"]
[Result "1-0"]
[WhiteElo "1634"]
[BlackElo "1163"]
[PlyCount "27"]
[EventDate "2013.??.??"]
[WhiteTeam "SC Gerthe-Werne"]
[BlackTeam "SG Bochum 31"]

1. e4 e5 2. Nf3 Nc6 3. Bb5 f6 4. O-O a6 5. Ba4 Nge7 6. c3 b5 7. Bb3 Na5 8. Bc2
d5 9. d4 Bg4 10. dxe5 Bxf3 11. Qxf3 fxe5 12. Qh5+ Ng6 13. exd5 Be7 14. Bxg6+
1-0

[Event "Offene Bochumer StEM 2013"]
[Site "?"]
[Date "2013.06.13"]
[Round "6.12"]
[White "Skara, Milenko"]
[Black "Kümmel, Hans-Jürgen"]
[Result "1-0"]
[WhiteElo "1760"]
[BlackElo "1343"]
[PlyCount "62"]
[EventDate "2013.??.??"]
[WhiteTeam "SG Höntrop"]
[BlackTeam "SG Höntrop"]

1. e4 c5 2. Nf3 g6 3. d4 Qa5+ 4. Bd2 Qb6 5. dxc5 Qxc5 6. Bc3 f6 7. Nbd2 Nc6 8.
Nb3 Qb6 9. Be2 Bg7 10. O-O e6 11. Nfd4 Nge7 12. a4 O-O 13. a5 Qd8 14. Nb5 d5
15. Bf3 dxe4 16. Bxe4 Nd5 17. Bxd5 exd5 18. Re1 a6 19. N5d4 Bd7 20. Qf3 Ne7 21.
Nc5 Re8 22. Qf4 Nc6 23. Nde6 Bxe6 24. Nxe6 Rxe6 25. Rxe6 Ne5 26. Qb4 Qd7 27.
Rb6 Rb8 28. Qd6 Qxd6 29. Rxd6 Rc8 30. Rxd5 h6 31. Rad1 Kf8 1-0

[Event "Offene Bochumer StEM 2013"]
[Site "?"]
[Date "2013.06.20"]
[Round "7.1"]
[White "Schriewer, Thomas"]
[Black "Quast, Marcel"]
[Result "0-1"]
[WhiteElo "1988"]
[BlackElo "2122"]
[PlyCount "54"]
[EventDate "2013.??.??"]
[WhiteTeam "SK Herne-Sodingen"]
[BlackTeam "SC Gerthe-Werne"]

1. Nf3 f5 2. d3 d6 3. e4 e5 4. Nc3 Nc6 5. exf5 Bxf5 6. d4 Nxd4 7. Nxd4 exd4 8.
Qxd4 Nf6 9. Bc4 c6 10. O-O Be7 11. Re1 d5 12. Bb3 O-O 13. Qe5 Qd7 14. Bf4 Bc5
15. Qc7 Ng4 16. Qxd7 Bxf2+ 17. Kh1 Bxd7 18. Re7 Bc5 19. Rxd7 Nf2+ 20. Kg1 Rxf4
21. g3 Ng4+ 22. Kg2 Rf2+ 23. Kh3 h5 24. Rh1 Re8 25. Rxb7 Re1 26. Nxd5 cxd5 27.
Bxd5+ Kh7 0-1

[Event "Offene Bochumer StEM 2013"]
[Site "?"]
[Date "2013.06.20"]
[Round "7.2"]
[White "Berens, Thomas"]
[Black "Jellinghaus, Lars"]
[Result "1/2-1/2"]
[WhiteElo "1901"]
[BlackElo "2024"]
[PlyCount "36"]
[EventDate "2013.??.??"]
[WhiteTeam "SC Gerthe-Werne"]
[BlackTeam "SV Linden"]

1. d4 e6 2. Nf3 Nf6 3. c4 b6 4. g3 Bb7 5. Bg2 Be7 6. O-O O-O 7. Nc3 Ne4 8. Bd2
d5 9. cxd5 Nxc3 10. bxc3 Bxd5 11. Qc2 Qc8 12. c4 Bb7 13. e4 c6 14. Bc3 Nd7 15.
Rfe1 Qc7 16. Rad1 Rfe8 17. e5 Rad8 18. Nd2 Nf8 1/2-1/2

[Event "Offene Bochumer StEM 2013"]
[Site "?"]
[Date "2013.06.20"]
[Round "7.3"]
[White "Sondermann, Dirk"]
[Black "Jedner, Volker"]
[Result "1-0"]
[WhiteElo "1829"]
[BlackElo "1809"]
[PlyCount "93"]
[EventDate "2013.??.??"]
[WhiteTeam "SU Annen"]
[BlackTeam "SG Höntrop"]

1. d4 d5 2. c4 e6 3. Nc3 c6 4. e4 dxe4 5. Nxe4 Bb4+ 6. Bd2 Qxd4 7. Bxb4 Qxe4+
8. Be2 Na6 9. Ba5 b6 10. Qd6 Bd7 11. Bc3 Nf6 12. Rd1 Rd8 13. Nf3 c5 14. Ne5 Qb7
15. Bf3 Qc7 16. O-O Qxd6 17. Rxd6 Ke7 18. Rfd1 Nb8 19. b4 Ne8 20. R6d2 Nc7 21.
bxc5 Ba4 22. Rxd8 Rxd8 23. Rxd8 Kxd8 24. cxb6 axb6 25. Nxf7+ Ke7 26. Ng5 h6 27.
Ne4 g6 28. Be5 Nca6 29. Nc3 Bc6 30. Be2 Nd7 31. Bd4 Nac5 32. f4 Nf6 33. Bxc5+
bxc5 34. Kf2 g5 35. fxg5 hxg5 36. Bf3 Bxf3 37. Kxf3 Nd7 38. Ke4 Nb6 39. Kd3 g4
40. Ne4 Nd7 41. Kc3 Kd8 42. h4 gxh3 43. gxh3 Kc7 44. h4 Kc6 45. h5 Nf8 46. Ng5
e5 47. Kd3 1-0

[Event "Offene Bochumer StEM 2013"]
[Site "?"]
[Date "2013.06.20"]
[Round "7.4"]
[White "Boost, Jürgen"]
[Black "Bartel, Mario"]
[Result "0-1"]
[WhiteElo "1824"]
[BlackElo "2035"]
[PlyCount "56"]
[EventDate "2013.??.??"]
[WhiteTeam "SC Gerthe-Werne"]
[BlackTeam "SV Wattenscheid"]

1. e4 e5 2. Nf3 Nc6 3. Bb5 a6 4. Bxc6 dxc6 5. O-O Bg4 6. h3 Bxf3 7. Qxf3 Qd7 8.
d3 O-O-O 9. Nd2 f6 10. Nc4 g5 11. Bd2 h5 12. Qg3 Bh6 13. a4 Ne7 14. b4 b6 15.
Be3 Kb7 16. Rfd1 Ng6 17. a5 b5 18. Nd2 Nf4 19. Kf1 Bf8 20. Rab1 Bd6 21. Bc5
Bxc5 22. bxc5 h4 23. Qh2 g4 24. hxg4 Qxg4 25. Nf3 h3 26. g3 Qxf3 27. gxf4 Rdg8
28. Rd2 Rg2 0-1

[Event "Offene Bochumer StEM 2013"]
[Site "?"]
[Date "2013.06.20"]
[Round "7.5"]
[White "Werner, Michael"]
[Black "Klinke, Werner"]
[Result "1/2-1/2"]
[WhiteElo "2035"]
[BlackElo "1859"]
[PlyCount "46"]
[EventDate "2013.??.??"]
[WhiteTeam "Düsseldorfer SK"]
[BlackTeam "SV Eichlinghofen"]

1. Nf3 Nf6 2. d4 d5 3. c4 e6 4. Nc3 dxc4 5. Bg5 Be7 6. e3 Nbd7 7. Bxc4 b6 8.
O-O Bb7 9. Qe2 O-O 10. Rad1 Nd5 11. Bxe7 Nxe7 12. Ba6 Qc8 13. Bxb7 Qxb7 14. e4
Nf6 15. Ne5 Rfd8 16. f4 c5 17. dxc5 bxc5 18. f5 Rxd1 19. Rxd1 exf5 20. Qc4 Ng6
21. Nxg6 hxg6 22. exf5 gxf5 23. Qxc5 Qxb2 1/2-1/2

[Event "Offene Bochumer StEM 2013"]
[Site "?"]
[Date "2013.06.20"]
[Round "7.7"]
[White "Schmidt, Ralph"]
[Black "Kempken, Reinhold"]
[Result "1-0"]
[WhiteElo "1918"]
[BlackElo "1550"]
[PlyCount "39"]
[EventDate "2013.??.??"]
[WhiteTeam "SV Linden"]
[BlackTeam "vereinslos"]

1. e4 e5 2. Nf3 d5 3. d4 dxe4 4. Nxe5 Nc6 5. Bb5 Bd7 6. Nxd7 Qxd7 7. d5 O-O-O
8. Nc3 Qf5 9. Bxc6 bxc6 10. Qd4 cxd5 11. Qxa7 c6 12. Na4 Rd7 13. Qa8+ Kc7 14.
Qxf8 Nf6 15. Qxh8 Ng4 16. O-O d4 17. h3 Ne5 18. Qxg7 f6 19. Qg3 Kb7 20. Nc5+
1-0

[Event "Offene Bochumer StEM 2013"]
[Site "?"]
[Date "2013.06.20"]
[Round "7.9"]
[White "Skara, Milenko"]
[Black "Tuscher, Albin"]
[Result "1-0"]
[WhiteElo "1760"]
[BlackElo "1634"]
[PlyCount "67"]
[EventDate "2013.??.??"]
[WhiteTeam "SG Höntrop"]
[BlackTeam "SC Gerthe-Werne"]

1. e4 c5 2. Nf3 Nc6 3. d4 cxd4 4. Nxd4 Nf6 5. Nc3 a6 6. a4 d6 7. Be2 e5 8. Nf3
Be7 9. Bg5 O-O 10. Bxf6 Bxf6 11. Nd5 Bg4 12. c3 Rb8 13. O-O Bh5 14. Qd3 Qd7 15.
Nxf6+ gxf6 16. Rfd1 Rbd8 17. Nh4 Bxe2 18. Qxe2 Ne7 19. Qf3 Qe6 20. Rd3 Kh8 21.
Rad1 Rg8 22. g3 Rg5 23. Nf5 Nxf5 24. exf5 Qe7 25. h4 Rgg8 26. Rd5 Rd7 27. Qe3
Rc8 28. Qd2 Rc6 29. b4 Rd8 30. b5 axb5 31. axb5 Rb6 32. c4 Kg7 33. Qe2 Qc7 34.
c5 1-0

[Event "Offene Bochumer StEM 2013"]
[Site "?"]
[Date "2013.06.20"]
[Round "7.11"]
[White "Hofer, Stefan"]
[Black "Funke, Eckhard"]
[Result "0-1"]
[WhiteElo "1677"]
[BlackElo "1890"]
[PlyCount "114"]
[EventDate "2013.??.??"]
[WhiteTeam "SC Ruhr-Uni Bochum"]
[BlackTeam "SG Höntrop"]

1. d4 Nf6 2. c4 e5 3. dxe5 Ng4 4. Bf4 Bb4+ 5. Nc3 Nc6 6. Nf3 Qe7 7. Qd5 Bxc3+
8. bxc3 f6 9. exf6 Nxf6 10. Qd3 d6 11. Qe3 Qxe3 12. Bxe3 Be6 13. Nd2 Ng4 14.
Bf4 O-O-O 15. e3 Rdf8 16. Bg3 h5 17. Nf3 Na5 18. c5 dxc5 19. h3 Nf6 20. Ne5 Re8
21. Bd3 g5 22. Kd2 Rd8 23. Ke2 Rhg8 24. h4 g4 25. Rhc1 Bd5 26. Ng6 Rde8 27. Nf4
Bf7 28. Bf5+ Kb8 29. Rd1 Rd8 30. Be6 Bxe6 31. Nxe6 Rc8 32. Nxc5 Ka8 33. Ne6 Kb8
34. Nc5 Ka8 35. Ne6 Kb8 36. Nf4 Rh8 37. Ne6 Ne4 38. Rac1 Nxg3+ 39. fxg3 Rh6 40.
Nf4 Nc4 41. Rd5 Re8 42. Rd3 Nd6 43. Rcd1 b6 44. Rxd6 Rxd6 45. Rxd6 cxd6 46.
Nxh5 Rf8 47. Nf4 Kc8 48. Nd3 Kd7 49. Nf2 Rg8 50. Kd3 Ke6 51. e4 d5 52. Ke3 dxe4
53. Kxe4 b5 54. Kf4 Rf8+ 55. Ke3 Kf5 56. Kd4 Rc8 57. Nd1 Rd8+ 0-1

[Event "Offene Bochumer StEM 2013"]
[Site "?"]
[Date "2013.06.20"]
[Round "7.12"]
[White "Ebert, Ingo"]
[Black "Kümmel, Hans-Jürgen"]
[Result "0-1"]
[WhiteElo "1163"]
[BlackElo "1343"]
[PlyCount "120"]
[EventDate "2013.??.??"]
[WhiteTeam "SG Bochum 31"]
[BlackTeam "SG Höntrop"]

1. c4 c5 2. Nc3 Nf6 3. d3 g6 4. e4 d6 5. h3 Bg7 6. Be2 Nc6 7. Nf3 O-O 8. a3 a6
9. O-O Rb8 10. Rb1 b5 11. Bg5 Qe8 12. Re1 Nd7 13. cxb5 axb5 14. Nd5 Nde5 15. d4
Nxf3+ 16. Bxf3 f6 17. Be3 cxd4 18. Bxd4 Nxd4 19. Qxd4 Bd7 20. Nc7 Qf7 21. Qd5
Qxd5 22. Nxd5 Rfe8 23. b4 e6 24. Nc7 Rec8 25. Rbc1 Rb6 26. Re2 Kf7 27. Rec2 Bf8
28. g4 h6 29. Be2 Be7 30. f4 Bd8 31. Bxb5 Bxb5 32. Nxb5 Rxc2 33. Nxd6+ Rxd6 34.
Rxc2 Bb6+ 35. Kg2 Ke7 36. e5 fxe5 37. fxe5 Rd5 38. Rc6 Bd8 39. Rd6 Rxe5 40. Rd3
Rd5 41. Rxd5 exd5 42. Kf2 Ke6 43. Ke3 Ke5 44. Kd3 h5 45. a4 hxg4 46. hxg4 Be7
47. b5 Bb4 48. b6 Ba5 49. b7 Bc7 50. a5 Bb8 51. g5 Ba7 52. a6 Kf5 53. b8=Q Bxb8
54. Kd4 Kxg5 55. Kxd5 Kf4 56. Kd4 g5 57. Kd3 Kf3 58. Kd2 Kf2 59. Kd3 g4 60. Ke4
g3 0-1